Transformation of traditional agriculture to commercial agriculture: A case study of natural rubber in Tripura (Record no. 49729)

MARC details
000 -LEADER
fixed length control field 00554nam a2200181Ia 4500
100 ## - MAIN ENTRY--AUTHOR NAME
Personal name Sharma G
245 #0 - TITLE STATEMENT
Title Transformation of traditional agriculture to commercial agriculture: A case study of natural rubber in Tripura
260 ## - PUBLICATION, DISTRIBUTION, ETC. (IMPRINT)
Name of publisher Rubber Science
Year of publication 2017
300 ## - PHYSICAL DESCRIPTION
Number of Pages 140-147
650 ## - SUBJECT ADDED ENTRY--TOPICAL TERM
Topical Term Economically and socially marginalized groups (ESMG)
650 ## - SUBJECT ADDED ENTRY--TOPICAL TERM
Topical Term Jhum
650 ## - SUBJECT ADDED ENTRY--TOPICAL TERM
Topical Term Land use pattern
650 ## - SUBJECT ADDED ENTRY--TOPICAL TERM
Topical Term Livelihood security
650 ## - SUBJECT ADDED ENTRY--TOPICAL TERM
Topical Term Natural rubber
700 ## - ADDED ENTRY--PERSONAL NAME
Personal name Dey S K
942 ## - ADDED ENTRY ELEMENTS (KOHA)
Koha item type Bibliography STAF
Holdings
Withdrawn status Lost status Damaged status Not for loan Home library Current library Shelving location Date acquired Serial Enumeration / chronology Koha item type
      Bibliography RRII Library RRII Library Economics 09/04/2014 Volume 30, Issue 2 Bibliography STAF